| 000 | 00383nam a2200145Ia 4500 | ||
|---|---|---|---|
| 008 | 191201s2018 xx 000 0 und d | ||
| 082 | _a615.19 CHP | ||
| 100 | _aCHAUDHRY,N.C | ||
| 245 | 0 | _aPharmaceuticl chemistry- I | |
| 260 |
_bVallabh Prakashan _aNew delhi _c2018 |
||
| 300 | _a278 | ||
| 650 | _aPharmaceutical Inorganic Chemistry | ||
| 700 | _a GURBANI, N.K | ||
| 942 |
_2ddc _cBK |
||
| 999 |
_c8245 _d8245 |
||